000 00728cam a2200145 4500500
005 20260208005827.0
041 _afre
042 _adc
100 1 0 _aPernot, Denis
_eauthor
245 0 0 _aRelecture des « petits » naturalistes, sous la direction de COLETTE BECKER et ANNE-SIMONE DUFIEF. Nanterre, Centre de recherches interdisciplinaires sur les textes modernes de l’Université Paris X, « Cahiers RITM », 2000. Un vol. 17 × 24 de 494 p.
260 _c2005.
500 _a24
786 0 _nRevue d'histoire littéraire de la France | 105 | 3 | 2005-06-01 | p. 655zw-764zw | 0035-2411
856 4 1 _uhttps://shs.cairn.info/revue-d-histoire-litteraire-de-la-france-2005-3-page-655zw?lang=fr&redirect-ssocas=7080
999 _c1653983
_d1653983